Cách suy nghĩ của luật sư /
Đã lưu trong:
| Tác giả chính: | |
|---|---|
| Định dạng: | Sách giấy |
| Ngôn ngữ: | Vietnamese |
| Được phát hành: |
Tp. Hồ Chí Minh :
Trẻ,
2004
|
| Các nhãn: |
Thêm thẻ
Không có thẻ, Là người đầu tiên thẻ bản ghi này!
|
| Thư viện lưu trữ: | Thư viện Trường Đại học Đà Lạt |
|---|
| LEADER | 00679nam a2200277 4500 | ||
|---|---|---|---|
| 001 | DLU040029649 | ||
| 005 | ##20041110 | ||
| 040 | # | # | |a DLU |b vie |
| 041 | # | # | |a vie |
| 044 | # | # | |a vn |
| 082 | # | # | |a 340.092 |b NG-B |
| 100 | # | # | |a Nguyễn Ngọc Bích, |c Luật sư |
| 245 | # | # | |a Cách suy nghĩ của luật sư / |c Nguyễn Ngọc Bích |
| 260 | # | # | |a Tp. Hồ Chí Minh : |b Trẻ, |c 2004 |
| 300 | # | # | |a 256 tr. ; |c 20 cm |
| 504 | # | # | |a Sách tham khảo :tr.255 |
| 923 | # | # | |a 36/2004 |
| 992 | # | # | |a 26.000 |
| 994 | # | # | |a DLU |
| 900 | # | # | |a True |
| 911 | # | # | |a Đào Thị Thu Huyền |
| 925 | # | # | |a G |
| 926 | # | # | |a A |
| 927 | # | # | |a SH |
| 980 | # | # | |a Thư viện Trường Đại học Đà Lạt |